000 00362nam a22001577a 4500
005 20251108172312.0
008 250721s1971 xx 000 0 eng d
082 1 4 _aJ/F/BLA
100 1 _aBlakeley, Peggy
245 1 0 _aClouds /
264 1 _aLondon :
_bAdam and charles,
_c1971.
300 _a22p.
650 1 7 _aFiction
942 _2ddc
_cBK
999 _c75596
_d75596